000 00443nam a2200181Ia 4500
001 9099
005 20260306160658.0
008 260306t2016||||xx |||||||||||||| ||spa||
041 _aESP
082 _a372.623
_bS68
100 _aSorstad, Fredrik
_eAUT
245 0 _aComprensión lectora y expresión escrita - Manual
260 _c2016
300 _a211 páginas :
_c24 cm.
650 _aGEN
654 _aCED
942 _cLIB
_dJUS
_fJUS
_2ddc
_n
999 _c9099
_d9099